| 000 | 00679nam a2200229Ia 4500 | ||
|---|---|---|---|
| 008 | 100315s9999 xx 000 0 und d | ||
| 020 | _a81-7194-70-6 | ||
| 082 |
_b2638 _a336.24 |
||
| 100 | _a"Singhania, Vinod K. " | ||
| 245 | _aStudents Guide To Income Tax | ||
| 250 | _a12th | ||
| 260 |
_aDelhi _bTaxmann _c1993 |
||
| 300 | _a"XVI,531p. " | ||
| 365 |
_eRupees _d1 _b100.00 |
||
| 366 | _f0 | ||
| 505 | _gTushar Jadhav | ||
| 530 | _b- | ||
| 620 | _a"Residential Status & its effect on tax incidents, Incomes that exempt from tax " | ||
| 630 | _aStudents Guide To Income Tax | ||
| 730 | _aStudents Guide To Income Tax | ||
| 942 | _cBOOK | ||
| 999 |
_c477373 _d477370 |
||